| 000 | 00850nam a22002297a 4500 | ||
|---|---|---|---|
| 001 | 37950 | ||
| 003 | BD-RjUL | ||
| 005 | 20211209052708.0 | ||
| 008 | 150817s1985 bg ||||| b||| 00| 0 ben d | ||
| 035 | _a(BD-RjUL)38055 | ||
| 040 |
_aBD-RjUL _beng _cBD-RjUL |
||
| 041 | _aben | ||
| 082 |
_a333.315492 _bISB 1985 |
||
| 100 |
_aইসলাম, সিরাজুল _9117556 |
||
| 245 |
_aভূমি সংস্কার ও সমাজ / _cসিরাজুল ইসলাম |
||
| 260 |
_aঢাকা : _bবাংলা একাডেমী, _c১৯৮৫ |
||
| 300 |
_a৮৮ পৃ. : _c১৮ সেমি. |
||
| 504 | _aগ্রন্থপঞ্জী সংযুক্ত । | ||
| 650 |
_aভূমি সংস্কার _zবাংলাদেশ _9117557 |
||
| 650 |
_aLand reform _zBangladesh. _9117558 |
||
| 942 |
_2ddc _cBK _01 |
||
| 999 |
_c37950 _d37950 |
||